000 00537cab a2200193 4500
001 ABS41485
008 090401t1989 xxu||||| |||| 00| 0 eng d
035 _a(Sirsi) u30490
041 _aeng
100 _aCrosbie Dawson, R.
245 _aProof that money can grow on trees
260 _c1989
350 _a0
490 _aFinancial Adviser
_v(123) 28 September 1989, 34(1)
520 _aGives a brief introduction to forestry investment , assessing tax implications.
690 _aTAXATION
942 _n0
948 _c04/03/1997
999 _c20558
_d20558